Speak Now lyrics - Statistics

General Stats
  • This quiz has been taken 173 times
  • The average score is 349 of 409
Answer Stats
Lyrics % Correct
a
99%
I
99%
the
99%
now
98%
now"
98%
now,
98%
of
98%
"Speak
98%
speak
98%
on
97%
you
97%
You
97%
you?
97%
am
96%
in
96%
not
96%
who
96%
be
95%
girl
95%
kind
95%
me
95%
me,
95%
say,
94%
say
94%
But
93%
but
93%
your
93%
and
92%
And
92%
are
92%
hear
92%
my
92%
should
92%
boy
91%
said,
91%
all
90%
wrong
90%
at
89%
to
89%
back
88%
don't
88%
Don't
88%
marrying
88%
they
88%
white
88%
is
87%
or
86%
out
86%
I'm
85%
meet
85%
rudely
85%
run
85%
away
84%
door
84%
I'll
84%
room
84%
church
83%
occasion
83%
she
83%
She
83%
single
83%
when
83%
it
81%
It
81%
like
81%
looks
81%
only
81%
see
81%
vow
81%
vow,
81%
yes,
81%
from
80%
you're
80%
bride
79%
everyone
79%
eyes
79%
looking
79%
stand
79%
veil
79%
barging
78%
family
78%
her
78%
need
77%
pastel
77%
So,
77%
So
77%
dressed
76%
forever
75%
hold
74%
peace
74%
was
74%
hands,
73%
last
73%
lovely
73%
up
73%
wait,
73%
where
73%
with
73%
Horrified
72%
sneak
72%
wish
72%
friends
71%
yelling
71%
chance,
70%
little
70%
preacher
70%
bridesmaid
68%
know
68%
pastry
68%
There's
68%
there's
68%
by
67%
that
67%
queen
66%
what
65%
would
65%
silence,
64%
were
64%
snotty
63%
thought
62%
uninvited
62%
pageant
61%
shaky
61%
shaped
61%
down
60%
gown
60%
aisle
59%
This
59%
hiding
58%
running
58%
time
58%
curtains
57%
death
57%
march
57%
surely
57%
daydream
55%
didn't
55%
let's
55%
seems
55%
wearing
54%
around
53%
play
53%
you'll
53%
lose
52%
myself
52%
sounds
52%
glad
51%
song
51%
tux
51%
Baby,
50%
inside
50%
starts
50%
vows
50%
floats
48%
organ
48%
somewhere
48%
exchanged
43%
gestures
40%
Fond
32%
No matching quizzes found
Score Distribution
Percent of People with Each Score
Percentile by Number Answered
Your Score History
You have not taken this quiz